<?xml version="1.0" encoding="UTF-8"?><?xml-stylesheet type="text/xsl" href="static/style.xsl"?><OAI-PMH xmlns="http://www.openarchives.org/OAI/2.0/" xmlns:xsi="http://www.w3.org/2001/XMLSchema-instance" xsi:schemaLocation="http://www.openarchives.org/OAI/2.0/ http://www.openarchives.org/OAI/2.0/OAI-PMH.xsd"><responseDate>2026-04-19T04:35:08Z</responseDate><request verb="GetRecord" identifier="oai:riubu.ubu.es:10259/6271" metadataPrefix="marc">https://riubu.ubu.es/oai/request</request><GetRecord><record><header><identifier>oai:riubu.ubu.es:10259/6271</identifier><datestamp>2021-12-14T01:00:26Z</datestamp><setSpec>com_10259.4_103</setSpec><setSpec>com_10259.4_1</setSpec><setSpec>com_10259_2604</setSpec><setSpec>col_10259_6064</setSpec></header><metadata><record xmlns="http://www.loc.gov/MARC21/slim" xmlns:doc="http://www.lyncode.com/xoai" xmlns:xsi="http://www.w3.org/2001/XMLSchema-instance" xmlns:dcterms="http://purl.org/dc/terms/" xsi:schemaLocation="http://www.loc.gov/MARC21/slim http://www.loc.gov/standards/marcxml/schema/MARC21slim.xsd">
<leader>00925njm 22002777a 4500</leader>
<datafield tag="042" ind1=" " ind2=" ">
<subfield code="a">dc</subfield>
</datafield>
<datafield tag="720" ind1=" " ind2=" ">
<subfield code="a">Iglesias Rouco, Lena Saladina</subfield>
<subfield code="e">author</subfield>
</datafield>
<datafield tag="260" ind1=" " ind2=" ">
<subfield code="c">2015</subfield>
</datafield>
<datafield tag="520" ind1=" " ind2=" ">
<subfield code="a">Actualmente nuestra ciudad se nos ofrece como un conglomerado&#xd;
de edificaciones y espacios autónomos que, aceleradamente,&#xd;
se van formalizando sobre realidades históricas diferentes a las del&#xd;
antiguo núcleo, aquella “Caput Castellae” cuyos rasgos constituyen&#xd;
su más preciado patrimonio. Estamos inmersos, pues, en unas dinámicas&#xd;
de “crecimiento difuso” ligadas a presupuestos especulativos&#xd;
que pretenden ignorar la identidad, y el valor, de cuanto destruyen en&#xd;
el intento de obtener un máximo beneficio económico de tipo individual.&#xd;
Desde tal situación, con el propósito de profundizar en la comprensión&#xd;
de las decisiones que han precedido a la ciudad del presente, se&#xd;
contempla el marco urbanístico y arquitectónico del que emergió. Es&#xd;
decir, aquel Burgos que, recién concluidos los luctuosos años de la llamada&#xd;
“guerra civil”, inició una nueva etapa tratando de transformar&#xd;
la imagen heredada en pro de nuevas opciones.</subfield>
</datafield>
<datafield tag="520" ind1=" " ind2=" ">
<subfield code="a">Nowadays our city is presented as a conglomeration of&#xd;
buildings and autonomous spaces that are quickly formalizing over&#xd;
historical realities different from the old centre, that “Caput Caste -&#xd;
llae” whose features are its greatest heritage. We’re deep into “vague&#xd;
growth” dynamics linked to speculative budgets that hope to ignore&#xd;
the identity and value of everything they destroy in an attempt to&#xd;
obtain the maximum individual economic profit. From this perspective, with the purpose of going into detail about&#xd;
understanding the decisions that came before the present city, we will&#xd;
consider the architectural and urban context from which the city&#xd;
emerged. This is, the Burgos that right after the tragic years of the&#xd;
“Civil War”, began a new era trying to transform its inherited image&#xd;
in favour of new options.</subfield>
</datafield>
<datafield tag="024" ind2=" " ind1="8">
<subfield code="a">0211-8998</subfield>
</datafield>
<datafield tag="024" ind2=" " ind1="8">
<subfield code="a">http://hdl.handle.net/10259/6271</subfield>
</datafield>
<datafield ind1=" " ind2=" " tag="653">
<subfield code="a">Arquitectura</subfield>
</datafield>
<datafield ind1=" " ind2=" " tag="653">
<subfield code="a">Urbanismo</subfield>
</datafield>
<datafield ind1=" " ind2=" " tag="653">
<subfield code="a">Historia</subfield>
</datafield>
<datafield ind1=" " ind2=" " tag="653">
<subfield code="a">Burgos</subfield>
</datafield>
<datafield ind1=" " ind2=" " tag="653">
<subfield code="a">Architecture</subfield>
</datafield>
<datafield ind1=" " ind2=" " tag="653">
<subfield code="a">Urbanism</subfield>
</datafield>
<datafield ind1=" " ind2=" " tag="653">
<subfield code="a">History</subfield>
</datafield>
<datafield tag="245" ind1="0" ind2="0">
<subfield code="a">Arquitectura y desarrollo. Burgos 1940-1950: fragmentos de historia</subfield>
</datafield>
</record></metadata></record></GetRecord></OAI-PMH>